000 00441cam a22002054a 4500
005 20250605164320.0
008 250528s ||||||||||||||||||||||||d
035 _a22881
020 _a9783822896495
040 _aGR-AtMCL
_bgre
_dGR-AtMCL
_eAACR2
245 1 _aMIRO
250 _a1
260 _c1993
300 _a82
700 1 _aMink Janis
_98528
700 1 _aTaschen
_92434
942 _cBK
999 _c7925
_d7925